000 00687nam a2200241Ia 4500
003 OSt
005 20220918175808.0
006 a|||||r|||| 00| 0
007 ta
008 220917b |||||||| |||| 00| 0 eng d
024 _a18,969
037 _cTextual
040 _aARTS
_cARTS
_beng
041 _2eng
_aeng
082 _aO111,1:gJ, L0 (TTO)
100 _aFowler Alastair
245 0 _aTriumphal froms
_b structural patterns in Elizabethan poetry
260 _aLondon
_bCambridge University Press
_c1970
300 _a233p.
_ccm.
650 _aENGLISH LITERATURE
942 _hO111,1:gJ, L0 (TTO)
_cTEXL
_2CC
999 _c159007
_d159007